<?xml version="1.0" encoding="UTF-8"?><?xml-stylesheet type="text/xsl" href="static/style.xsl"?><OAI-PMH xmlns="http://www.openarchives.org/OAI/2.0/" xmlns:xsi="http://www.w3.org/2001/XMLSchema-instance" xsi:schemaLocation="http://www.openarchives.org/OAI/2.0/ http://www.openarchives.org/OAI/2.0/OAI-PMH.xsd"><responseDate>2026-04-14T19:29:05Z</responseDate><request verb="GetRecord" identifier="oai:uvadoc.uva.es:10324/5155" metadataPrefix="marc">https://uvadoc.uva.es/oai/request</request><GetRecord><record><header><identifier>oai:uvadoc.uva.es:10324/5155</identifier><datestamp>2025-02-07T13:38:29Z</datestamp><setSpec>com_10324_38</setSpec><setSpec>col_10324_852</setSpec></header><metadata><record xmlns="http://www.loc.gov/MARC21/slim" xmlns:doc="http://www.lyncode.com/xoai" xmlns:xsi="http://www.w3.org/2001/XMLSchema-instance" xmlns:dcterms="http://purl.org/dc/terms/" xsi:schemaLocation="http://www.loc.gov/MARC21/slim http://www.loc.gov/standards/marcxml/schema/MARC21slim.xsd">
<leader>00925njm 22002777a 4500</leader>
<datafield tag="042" ind1=" " ind2=" ">
<subfield code="a">dc</subfield>
</datafield>
<datafield tag="720" ind1=" " ind2=" ">
<subfield code="a">Fernández Benito, Leticia</subfield>
<subfield code="e">author</subfield>
</datafield>
<datafield tag="260" ind1=" " ind2=" ">
<subfield code="c">2014</subfield>
</datafield>
<datafield tag="520" ind1=" " ind2=" ">
<subfield code="a">El aprendizaje con los Juegos Cooperativos desde nuestro entorno educativo es de gran relevancia ya que nuestros alumnos/as aprenderán a respetarse unos a otros, a valorar a todos los compañeros/as por igual sin tener en cuenta sexo, raza o nivel de destrezas, a no estar pendiente de la competición y sí de la diversión a la vez que ayudará a tener mayor autoestima y mejor concepto individual. &#xd;
Paradójicamente, la Educación Física lleva implícita la competitividad pero sin embargo, también es la mejor área para trabajar el Juego Cooperativo y que todos nuestros alumnos/as colaboren y participen por igual sin que exista rivalidad. &#xd;
Pretendemos, que adquieran mayores habilidades sociales: comunicarse de manera apropiada, aceptar y apoyar a los demás, lograr una buena capacidad para resolver conflictos… y una mayor educación intercultural. &#xd;
No nacemos con dichas habilidades aprendidas y tenemos que trabajarlas desde edades muy tempranas y a través del Juego.</subfield>
</datafield>
<datafield tag="024" ind2=" " ind1="8">
<subfield code="a">http://uvadoc.uva.es/handle/10324/5155</subfield>
</datafield>
<datafield ind1=" " ind2=" " tag="653">
<subfield code="a">Educación física-Estudio y enseñanza (Educación Infantil)</subfield>
</datafield>
<datafield ind1=" " ind2=" " tag="653">
<subfield code="a">Educación en valores</subfield>
</datafield>
<datafield ind1=" " ind2=" " tag="653">
<subfield code="a">Juegos colectivos</subfield>
</datafield>
<datafield ind1=" " ind2=" " tag="653">
<subfield code="a">Aprendizaje-Trabajo en equipo</subfield>
</datafield>
<datafield tag="245" ind1="0" ind2="0">
<subfield code="a">La cooperación en Educación física en edad escolar</subfield>
</datafield>
</record></metadata></record></GetRecord></OAI-PMH>